000 00471nam a22001697a 4500
003 BD-ChCU
005 20260504111620.0
008 260504b bg ||||| |||| 00| 0 ben d
040 _cBD-ChCU
082 _a364.3 TRE
100 _aTrasler , Gordon .
_922281
245 _aThe explanation of criminality./
_cGordon , Trasler.
260 _aLondon :
_bRoutledge & K. paul
_cC 1962
300 _aix , 134p.
650 0 _aCrime and criminal .
_922284
942 _2ddc
_cBK
_n0
999 _c112620
_d112620